000 00513nam a22001812 4500
001 0000005598
005 20151217160108.0
008 070619s xx 000 0 eng d
040 _aKABU
_cKABU
050 0 _aPZ7
_b.R9P76
100 1 _aRwakasisi, Rose.
_@0000156845
245 1 4 _aThe Promise /
_cRose Rwakasisi and Violet Barungi.
260 _aKampala :
_bUganda Children's Writers,
_c2002.
300 _a32 p.
908 _a070619
950 _@1
999 _c14166
_d14166